| 000 | 00331nam a22001337a 4500 | ||
|---|---|---|---|
| 008 | 230620b xxu||||| |||| 00| 0 eng d | ||
| 082 |
_a309.1 _bCRU |
||
| 100 | _cC.G Crump | ||
| 245 | _aThe Legacy of the middle Class | ||
| 260 |
_alondon _boxford university press _c1951 |
||
| 300 | _a548p | ||
| 700 | _cE.F Jacob | ||
| 942 |
_2ddc _cBK |
||
| 999 |
_c1460 _d1460 |
||